Music Quiz

Random Music or Song Quiz
Score 0/256 Timer 09:00
7 Plays Today
% Correct
[Chorus]
99.8%
[Chorus]
99.7%
[Prechorus]
98.8%
I
97.2%
I
97.2%
I
97.2%
I
97.2%
I
97.2%
I
97.2%
I
97.2%
I
97.2%
I
97.2%
I
97.2%
I
97.2%
Feeling
95.4%
feeling
93%
feeling,
93%
feeling
93%
feeling.
93%
feeling
93%
feeling
93%
feeling
93%
feeling.
93%
feeling
93%
feel
92.6%
can
90.8%
the
89.4%
the
89.4%
the
89.4%
the
89.4%
the
89.4%
the (x5)
89.4%
the
89.4%
in
88.9%
in
88.9%
in
88.9%
in
88.9%
in
88.9%
in
88.9%
in
88.9%
in
88.9%
in
88.9%
in
88.9%
in
88.9%
stop.
88.6%
stop
88.6%
stop
88.6%
stop
88.6%
stop
88.6%
can't
87.9%
can't
87.9%
can't
87.9%
can't
87.8%
Can't
87.8%
my
83%
my
83%
my
83%
my
83%
my
83%
my
83%
my
83%
my
83%
my
83%
my
83%
my
83%
my
83%
my
83%
this
82.4%
this
82.4%
this
82.4%
this
82.4%
this
82.4%
ooh!
80.6%
Ooh,
80.6%
got
80.3%
got
80.3%
got
80.2%
Got
80.2%
Got
80.2%
Got
80.2%
Got
80.2%
It
79.8%
it
79.8%
it
79.8%
it,
79.8%
it,
79.8%
% Correct
it
79.8%
when
75.2%
when
75.2%
when
75.2%
when
75.2%
when
75.2%
When
75.2%
when
75.2%
when
75.2%
on.
75.2%
on!
75.2%
on!
75.1%
on.
75.1%
on
75.1%
on
75.1%
on.
75.1%
you
73.3%
you
73.3%
you
73.3%
you
73.3%
you,
73.3%
you
73.3%
you
73.3%
so
73.2%
so
73.2%
So
73.2%
so
73.2%
so
73.2%
so
73.2%
so
73.2%
so
73.2%
bones.
68.4%
dance,
66.8%
dance,
66.8%
dance.
66.8%
dance,
66.8%
dance,
66.8%
dance.
66.8%
dance,
66.8%
dance,
66.8%
dance.
66.8%
dance,
66.8%
dance,
66.8%
dance.
66.8%
dance,
66.8%
dance,
66.8%
dance.
66.8%
that
66.3%
that
66.3%
that
66.3%
inside
65.8%
no
64.7%
no
64.7%
no
64.7%
goes
64%
goes,
64%
just
62.4%
just
62.4%
just
62.4%
just
62.4%
All
61.8%
all
61.8%
All
61.8%
electric,
61.6%
do
61.6%
we
60.7%
we
60.7%
we
60.7%
turn
59.7%
feet.
58.4%
soul
57.2%
sunshine
56.6%
pocket,
56.6%
good
55.1%
good,
55.1%
good,
55.1%
I'm
55%
I'm
55%
body
54.9%
body. (x2)
54.9%
body.
54.8%
body. (x2)
54.8%
body.
54.8%
body.
54.8%
to
54.7%
up,
54.2%
% Correct
up
54.2%
up
54.2%
through
51.9%
through
51.9%
city,
49.1%
And
48.9%
And
48.9%
home,
46.7%
see
46.5%
see
46.4%
don't
46.1%
Don't
46.1%
don't
46.1%
zone.
45.6%
zone.
45.6%
it's
44.9%
It's
44.9%
It's
44.9%
It's
44.9%
know.
44.8%
but
44.5%
but
44.5%
move,
44.4%
move
44.4%
off
43.9%
take
42.7%
eyes
42.4%
under
40.8%
your
39.4%
Nothing
39.3%
Come
38.8%
Come
38.8%
everything
38.8%
Come
38.8%
we're
38.3%
drops,
37.4%
our
37.2%
blood
36.5%
blood.
36.5%
keep
36%
lights
35.9%
wavy
35.5%
close.
35.4%
already
35.1%
dancing.
34.9%
imagine. (3x)
34.8%
fly
34.2%
moving
33.4%
getting
32.3%
phenomenally.
31.8%
air.
31.4%
flying
31.2%
hot
31.1%
ceiling,
30.9%
ceiling,
30.9%
those
30.8%
things
30.4%
creeping
28.9%
high,
28.9%
something
28.5%
magical.
28.1%
need
28%
need
28%
rock
27.9%
way
27.9%
well,
27.5%
hide
27.4%
shouldn't
26.9%
control.
26%
Nowhere
25.4%
Wanna
25.1%
ain't
24.6%
down.
24.1%
reason,
23.9%
'Cause
23.4%
nobody
23.1%
leaving
21.1%
soon,
19.5%
rushing
19.3%
Break
13.1%
lock
12.7%
Room
12.1%
sing.
10.3%
Everybody
9.7%
Remove Ads.
Support Sporcle.
Get the best of Sporcle when you Go Orange. This ad-free experience offers more features, more stats, and more fun while also helping to support Sporcle. Thank you for becoming a member.

You're not logged in!

Compare scores with friends on all Sporcle quizzes.
OR
Log In

Sporcle TV

Today on Sporcle TV


Watch our educational content, quiz creation guides, and fun videos on Sporcle TV.

Show Comments

Extras

Top Quizzes Today


Score Distribution

Paid Content

Your Account Isn't Verified!

In order to create a playlist on Sporcle, you need to verify the email address you used during registration. Go to your Sporcle Settings to finish the process.

Report this User

Report this user for behavior that violates our Community Guidelines.

Details: